Дело о поднесении государю императору поздравительной оды, сочиненной доктором Фридеманом по случаю прибытия в герцогство Нассау...

Доступно только в Электронных читальных залах Найти на картеНа карте
RUSMARC
00003777nmc2a22002533x 450
001471c5d1a-1e23-4c79-99f0-9c9cb273dfff
00520251022165824.0
100##$a20250418l18441844k l0rusy0189 ca
1010#$arus
$ager
102##$aRU
105##$ay###
1222#$ad
2001#$aДело о поднесении государю императору поздравительной оды, сочиненной доктором Фридеманом по случаю прибытия в герцогство Нассауское ее императорского высочества государыни великой княгини Елисаветы Михайловны
$j26 марта - 27 июня 1844 г.
215##$a6 л.
$d36,5х26 см
251##$cДело
300##$aНа обложке указано: "№60(61)"
300##$aНа русском и немецком языках
371##$aДокумент не является опубликованным и широко распространяемым
461#0$10012b5b8419-5ce4-4d16-a7a3-85720a295f1f
$12001
$aКанцелярия министра народного просвещения
$1251
$cФонд
$1852
$j735
462#0$1001562cc287-b13c-4f02-8029-f81535ba1e2e
$12001
$aКанцелярия министра народного просвещения
$1251
$cОпись
$1852
$j2
801#0$aRU
$bРГИА
$c20250418
$gRCR
801#1$aRU
$bГлавНИВЦ
$c20250418
$2rusmarc
801#2$aRU
$bПБ им. Б.Н. Ельцина
$c20251022
$gRCR
$2rusmarc
850##$aРГИА
852##$aРГИА
$eФедеральное казенное учреждение "Российский государственный исторический архив" (РГИА)
$j477
937##$hРГИА
$d12421395
$aASBIBLIO_SCAN
035##$aRusGRCC00085466
856##$uhttp://readingroom.main.prlib.ru/item.aspx?id_node=n198606891&mode=full
Формат отображения